| 000 | 00803nam a22002177a 4500 | ||
|---|---|---|---|
| 005 | 20100814144027.0 | ||
| 010 | _aENG-100492 | ||
| 020 |
_c230.00 _a9788190477345 |
||
| 035 | _aEN-84025 | ||
| 037 | _bDBAD/PUB | ||
| 082 | _a270 | ||
| 100 |
_aBadri, Malik _913949 |
||
| 245 |
_aContemplation : _cby Malik Badri; translated by Abdul- wahid Lu'Lu'A _ban Islamic psychospiritual study / |
||
| 260 |
_aNew Delhi _bAl Ittehad Publications _c2009 |
||
| 270 |
_aB-35 (LGF) Nizamuddin West _bNew Delhi _e110013 |
||
| 300 |
_axv, 136p. _c23cm (pbk) |
||
| 500 | _a includes bibliographical references and index | ||
| 700 |
_aAbdul-Wahid Lu'Lu'A _913414 |
||
| 942 |
_2ddc _cEN _h270 _mBAD |
||
| 999 |
_c41926 _d41926 |
||